01001nam a2200265 i 4500001001300000003000900013005001700022008004100039040002800080041001300108082003200121100004300153240003100196245009900227250005700326260003100383300002200414490002800436500004300464630003800507655007300545655006300618700002500681830002900706000000048189IT-MiSPE20250226122524.0031005s1971 xx 000 b ita c aIT-MiSPEbitacIT-MiSPE aitahger a226.3-Mc SCH ed (ppv 23359)1 aSchweizer, Eduard,d1913-2006.eautore10aDas Evangelium nach Marcus13aIl Vangelo secondo Marco.cCommento di Eduard Schweizer. Traduzione italiana di Bruno Corsani. aedizione italiana a cura di F. Ronchi e O. Soffritti aBrescia :bPaideia,c1971. a421 p. ;c21,5 cm1 aNuovo Testamento ;v001 aTit. orig.: Das Evangelium nach Marcus aBiblia.vN.T.xEvang. sec. Marcum07aSacra Scrittura. Studi sul Nuovo TestamentoxCollane - Varia.2local07aSacra Scrittura. Studi sul Nuovo TestamentoxMarco.2local aCorsani, Bruno,etr. 0aNuovo Testamento ;v001.